Statistics for 1M+ Cities By Letter On A Map - T

Click here to take the quiz!

General Stats

  • This quiz has been taken 159 times
  • The average score is 10 of 19

Answers on the Map

Answers color-coded by a green-red scale on the quiz's map according to % correct below.
 

Answer Stats

PopulationCity% Correct
8,336,599Tokyo
98%
2,600,000Toronto
97%
1,150,989Tripoli
96%
7,153,309Tehran
95%
1,978,028Tashkent
91%
11,090,314Tianjin
91%
1,049,498Tbilisi
89%
1,300,983Tijuana
88%
7,871,900Taipei
83%
1,424,641Tabriz
56%
3,426,519Taiyuan
39%
1,040,725Taichung
34%
3,372,102Tangshan
26%
1,261,517Thane
15%
1,372,124Tangerang
14%
5,499,000Tai'an
11%
3,500,000Tianshui
5%
1,435,844Tirunelveli
5%
1,034,724Teni
3%

Score Distribution

Percentile by Number Answered

Percent of People with Each Score

Your Score History

You have not taken this quiz